<?xml version="1.0" encoding="UTF-8"?>
<record
    xmlns:xsi="http://www.w3.org/2001/XMLSchema-instance"
    xsi:schemaLocation="http://www.loc.gov/MARC21/slim http://www.loc.gov/standards/marcxml/schema/MARC21slim.xsd"
    xmlns="http://www.loc.gov/MARC21/slim">

  <leader>02668nab a2200301uuc4500</leader>
  <controlfield tag="001">1290437</controlfield>
  <controlfield tag="005">20240202104743.0</controlfield>
  <controlfield tag="008">120718m01uu2008                    spa  </controlfield>
  <datafield tag="035" ind1=" " ind2=" ">
    <subfield code="a">1290437</subfield>
  </datafield>
  <datafield tag="035" ind1=" " ind2=" ">
    <subfield code="a">(OCoLC)820649881</subfield>
  </datafield>
  <datafield tag="040" ind1=" " ind2=" ">
    <subfield code="c">comduadb</subfield>
  </datafield>
  <datafield tag="041" ind1=" " ind2=" ">
    <subfield code="a">spa</subfield>
  </datafield>
  <datafield tag="100" ind1="1" ind2="0">
    <subfield code="a">Contreras, Jefferson</subfield>
    <subfield code="4">aut</subfield>
    <subfield code="e">aut</subfield>
    <subfield code="9">645837</subfield>
  </datafield>
  <datafield tag="245" ind1="1" ind2="0">
    <subfield code="a">Capacidad adsortiva del carb&#xF3;n activado preparado a partir del bagazo de la ca&#xF1;a de az&#xFA;car para la adsorci&#xF3;n de fenol, 2-clorofenol, 2-nitrafenol y 2,4-dimetilfenol</subfield>
  </datafield>
  <datafield tag="520" ind1="3" ind2=" ">
    <subfield code="a">Se estudi&#xF3; la capacidad adsortiva del carb&#xF3;n activado obtenido a partir del bagazo de la ca&#xF1;a de az&#xFA;car (CAB), utilizando una mezcla constituida por fenol. 2-clorofenol, 2-nitrofenol y 2.4-dimetilfenol. El carb&#xF3;n fue obtenido mediante un proceso de activaci&#xF3;n qu&#xED;mica del precursor con H,PO, al 40% p/p y una temperatura de 5009C. La caracterizaci&#xF3;n del adsorbente consisti&#xF3; en un anasis flsicoqu&#xED;mico (densidad aparente, contenido de cenizas y contenido de humedad) seg&#xFA;n las normas ASTM, as&#xED; como tambi&#xE9;n en la determinaci&#xF3;n de la superficie especifica. siguiendo el m&#xE9;todo convencional de Bmnauer-Emmett-Teiler (BET), con isotemas de nitr&#xF3;geno a 77 K, volumen total de poros. vol&#xFA;menes de rnicroporos y mesoporos, adem&#xE1;s de la difracci&#xF3;n de rayos X Se utiliz&#xF3; el carb&#xF3;n activado comercial Norit-A (CAC) como patr&#xF3;n de referencia. Las &#xE1;reas superficiales espec&#xED;ficas S,, para el CAB y el CAC fueron 1293 mz/g y 794 m2/g. respectivamente. Se realizaron ensayos de adsorci&#xF3;n en fase l&#xED;quida a diferentes condiciones de pH y concentraciones. Los datos experimentales de las isotermas fueron ajustados a los modelos de Langmuir y Freund&#xFC;ch. y este &#xFA;ltimo result&#xF3; con una mejor correlaci&#xF3;n lineal. En la adsorci&#xF3;n de los compuestos fen&#xF3;licos sobre el CAB a diferentes pH. se encontr&#xF3; que el pH &#xF3;ptimo de adsorci&#xF3;n. seg&#xFA;n valores de K, fueron pH= 3,O para el 2-clorofenol. pH = 4.5 para el 2.4-dimetilfenol. mientras que el pH para el 2-nitrofenol y el fenol fue de 6.5.</subfield>
  </datafield>
  <datafield tag="650" ind1=" " ind2=" ">
    <subfield code="a">Carb&#xF3;n activado</subfield>
    <subfield code="9">6587</subfield>
  </datafield>
  <datafield tag="650" ind1=" " ind2=" ">
    <subfield code="a">Bagazo de ca&#xF1;a</subfield>
    <subfield code="9">42555</subfield>
  </datafield>
  <datafield tag="650" ind1=" " ind2=" ">
    <subfield code="a">Activaci&#xF3;n qu&#xED;mica</subfield>
    <subfield code="9">182958</subfield>
  </datafield>
  <datafield tag="650" ind1=" " ind2=" ">
    <subfield code="a">Adsorci&#xF3;n</subfield>
    <subfield code="9">16175</subfield>
  </datafield>
  <datafield tag="700" ind1="1" ind2="0">
    <subfield code="a">Fuenmayor, Heberto</subfield>
    <subfield code="4">aut</subfield>
    <subfield code="e">aut</subfield>
    <subfield code="9">666120</subfield>
  </datafield>
  <datafield tag="700" ind1="1" ind2="0">
    <subfield code="a">Colina, Marinela</subfield>
    <subfield code="4">aut</subfield>
    <subfield code="e">aut</subfield>
    <subfield code="9">501055</subfield>
  </datafield>
  <datafield tag="700" ind1="1" ind2="0">
    <subfield code="a">D&#xED;az Montiel, Altamira Rosa</subfield>
    <subfield code="4">aut</subfield>
    <subfield code="e">aut</subfield>
    <subfield code="9">538216</subfield>
  </datafield>
  <datafield tag="700" ind1="1" ind2="0">
    <subfield code="a">Fernandez Acosta, Nola Maria</subfield>
    <subfield code="4">aut</subfield>
    <subfield code="e">aut</subfield>
    <subfield code="9">570506</subfield>
  </datafield>
  <datafield tag="700" ind1="1" ind2="0">
    <subfield code="a">Perez de Scott, Maria Josefina</subfield>
    <subfield code="4">aut</subfield>
    <subfield code="e">aut</subfield>
    <subfield code="9">674094</subfield>
  </datafield>
  <datafield tag="700" ind1="1" ind2="0">
    <subfield code="a">Colina, Gilberto</subfield>
    <subfield code="4">aut</subfield>
    <subfield code="e">aut</subfield>
    <subfield code="9">299455</subfield>
  </datafield>
  <datafield tag="773" ind1="0" ind2=" ">
    <subfield code="t">Ciencia (Maracaibo, Venezuela)</subfield>
    <subfield code="g">Vol. 16, No. 01, Ene.-Mar. 2008, 111-121</subfield>
    <subfield code="w">1285441</subfield>
    <subfield code="x">1315-2076</subfield>
    <subfield code="0">618358</subfield>
  </datafield>
  <datafield tag="942" ind1=" " ind2=" ">
    <subfield code="c">ARIMP</subfield>
  </datafield>
  <datafield tag="999" ind1=" " ind2=" ">
    <subfield code="c">615450</subfield>
    <subfield code="d">615450</subfield>
  </datafield>
</record>
